Statistics for Classic SNES Games by Screenshot

Click here to take the quiz!

General Stats

  • This quiz has been taken 585 times
  • The average score is 15 of 20

Answer Stats

Answer% Correct
Super Mario World
100%
Donkey Kong Country
98%
Super Mario Kart
96%
The Legend of Zelda: A Link to the Past
96%
Street Fighter II
95%
Aladdin
86%
Mortal Kombat
86%
Super Metroid
82%
Mega Man X
81%
Super Punch-Out!!!
79%
Star Fox
75%
Super Mario World 2 : Yoshi's Island
68%
Final Fantasy II
66%
F-Zero
65%
Earthbound
61%
Earthworm Jim
58%
Super Mario RPG: Legend of the Seven Stars
56%
Chrono Trigger
43%
Pilotwings
37%
Secret of Mana
29%

Score Distribution

Percentile by Number Answered

Percent of People with Each Score

Your Score History

You have not taken this quiz